Multilingual artificial intelligence / (Record no. 93428)

MARC details
000 -LEADER
fixed length control field 00753nam a22002537a 4500
003 - CONTROL NUMBER IDENTIFIER
control field OSt
005 - DATE AND TIME OF LATEST TRANSACTION
control field 20251103141010.0
008 - FIXED-LENGTH DATA ELEMENTS--GENERAL INFORMATION
fixed length control field 251103b |||||||| |||| 00| 0 eng d
020 ## - INTERNATIONAL STANDARD BOOK NUMBER
International Standard Book Number 9781032747224
040 ## - CATALOGING SOURCE
Transcribing agency HS LRC
050 ## - LIBRARY OF CONGRESS CALL NUMBER
Classification number QA 76.9.M68
Item number .W246 2025
100 ## - MAIN ENTRY--PERSONAL NAME
Personal name Wang, Peng
9 (RLIN) 130298
245 ## - TITLE STATEMENT
Title Multilingual artificial intelligence /
Statement of responsibility, etc. Peng Wang and Pete Smith
260 ## - PUBLICATION, DISTRIBUTION, ETC. (IMPRINT)
Place of publication, distribution, etc. London :
Name of publisher, distributor, etc. Routledge,
Date of publication, distribution, etc. c2025.
265 ## - SOURCE FOR ACQUISITION/SUBSCRIPTION ADDRESS [OBSOLETE]
Source for acquisition/subscription address ForeFront Book Co., Inc.
300 ## - PHYSICAL DESCRIPTION
Extent xiii, 164 pages :
Other physical details illustrations ;
Dimensions 25 cm.
365 ## - TRADE PRICE
Price amount 4,970.00
504 ## - BIBLIOGRAPHY, ETC. NOTE
Bibliography, etc Includes references and index.
650 ## - SUBJECT ADDED ENTRY--TOPICAL TERM
Topical term or geographic name as entry element Multi-lingual computing
9 (RLIN) 130299
650 ## - SUBJECT ADDED ENTRY--TOPICAL TERM
Topical term or geographic name as entry element Artificial intelligence
9 (RLIN) 21034
650 ## - SUBJECT ADDED ENTRY--TOPICAL TERM
Topical term or geographic name as entry element Machine learning
9 (RLIN) 81820
700 ## - ADDED ENTRY--PERSONAL NAME
Personal name Smith, Pete
9 (RLIN) 130300
942 ## - ADDED ENTRY ELEMENTS (KOHA)
Source of classification or shelving scheme Library of Congress Classification
Koha item type Books
Holdings
Withdrawn status Lost status Source of classification or shelving scheme Damaged status Not for loan Collection code Home library Current library Shelving location Date acquired Source of acquisition Cost, normal purchase price Inventory number Total Checkouts Full call number Barcode Date last seen Copy number Cost, replacement price Price effective from Koha item type
    Library of Congress Classification     Circulation DLSU-D HS Learning Resource Center DLSU-D HS Learning Resource Center Circulation 06/24/2025 HS LRC SY 2024-2025 4970.00 CIR-001941   QA 76.9.M68 .W246 2025 3HS00000001941 11/03/2025 001941 4970.00 11/03/2025 Books